000
00313nam a2200121Ia 4500
008
190216s9999||||xx |||||||||||||| ||und||
100
_a
Four Authors
245
0
_a
Simple History Of Modern Europe
260
_b
Surjeet Pubs.Delhi
_c
1977
300
_a
288
650
_a
World History-History Of Europe
942
_c
BK
999
_c
20137
_d
20137